Spôsobilosť univerzálneho stroja v súľade s metodikou AIAG

Uložené v:
Podrobná bibliografia
Hlavný autor: Rovenský, Dušan, 1990- (Autor)
Ďalší autori: Riečičiarová, Eva, 1957- (Vedúci práce)
Médium: Rukopis Kniha
Jazyk:Slovak
Vydavateľské údaje: Trnava : STU v Bratislave MTF UVSM, 2014
Predmet:
On-line prístup:VAIS
Tagy: Pridať tag
Žiadne tagy, Buďte prvý, kto otaguje tento záznam!

MARC

LEADER 00000ntm a22000003a 4500
001 stu291100
005 20150617230302.2
008 140611s2014----xo------------------slo-d
040 |a STU  |b slo 
041 0 |a slo 
044 |a xo 
100 1 |a Rovenský, Dušan,  |d 1990-  |4 aut  |u M  |T MTF Materiálovotechnologická fakulta  |X 66295  |U M  |Y 60  |7 A000066295 
242 0 0 |a Eligibility of the universal machine in accordance with the methodology AIAG  |y eng 
245 1 |a Spôsobilosť univerzálneho stroja v súľade s metodikou AIAG 
260 |a Trnava :  |b STU v Bratislave MTF UVSM,  |c 2014 
300 |a 71s  |c CD 
650 7 |a výrobné zariadenia a systémy  |2 stusub 
650 7 |a Production Devices and Systems  |2 estusub 
650 7 |a obrábanie  |2 stusub 
700 1 |a Riečičiarová, Eva,  |d 1957-  |4 ths  |u M2000  |U MTF Materiálovotechnologická fakulta  |T MTF Ústav výrobných systémov a aplikovanej mechaniky  |X 2859  |U M2000  |Y 82  |7 A000002859 
856 4 |a info a plný text  |u http://is.stuba.sk/zp/portal_zp.pl?podrobnosti=99210  |3 VAIS 
996 |c M*DP-11719  |l MMSKP  |s P  |a 0  |w stu291100_0001